| 000 | 01650cam a22004094i 4500 | ||
|---|---|---|---|
| 003 | PE-LiUPU | ||
| 005 | 20250731175646.0 | ||
| 008 | 150616s r 000 0 d | ||
| 035 | _a(Sirsi) a9696 | ||
| 040 |
_aPE-LiUPU _bspa _cPE-LiUPU _erda |
||
| 049 | _aPRUA | ||
| 082 | 0 | 4 |
_a411.09 _bO69 _221 |
| 100 | 1 |
_aSenner, Wayne M., _eautor. |
|
| 245 | 1 | 4 |
_aThe Origins of Writing / _ceditado por Wayne M. Senner. |
| 264 | 1 |
_aLincoln : _bUniversity of Nebraska Press, _c1989. |
|
| 300 |
_a245 páginas : _bilustraciones ; _c26 cm. |
||
| 336 |
_atext _2rdacontent |
||
| 337 |
_aunmediated _2rdamedia |
||
| 338 |
_avolume _2rdacarrier |
||
| 490 | 0 | _aAbison book | |
| 504 | _aBibliografía: páginas 233-237. | ||
| 505 | 0 | _aTheories and myths on the origins of writing: a hhistorical overview.- Two precursors of writing: plain and complex tokens.- Early cuneiform.- The origin of egyptian hieroglyphs.- The invention and development.- The arabic alphabet.- The art of writing in ancient Greece.- Etc... | |
| 526 | _aP145 | ||
| 526 | _aP127 | ||
| 526 | _aP97 | ||
| 526 | _aP35 | ||
| 526 | _aP14 | ||
| 526 | _aP07 | ||
| 650 | 0 | 4 |
_aEscritura _xHistoria. |
| 910 |
_ajck _bjvq _cjck |
||
| 942 |
_2ddc _cBOOK |
||
| 949 |
_a411.09 O69 _wDEWEY _c1 _i43215 _lCCODEBUL1 _mBUL _p00.00 _r0 _sY _tBOOK _u19970924 _xTEOLOGIA _zUNKNOWN _0COMPRA _o.STAFF. Colección General |
||
| 994 |
_aC0 _bPEPRU |
||
| 596 | _a1 | ||
| 999 |
_a411.09 O69 _wDEWEY _c61176 _i43215 _f2021-11-8 _g5 _lCCODEBUL1 _mBUL _r0 _sY _tBOOK _u2015-6-16 _xEDUCACION _zUNKNOWN _0COMPRA _o.STAFF. Colección General _d61176 |
||
| 980 |
_81 _gALBERTO SANCHEZ Responsable de Automatización |
||